000 00615nam a2200205Ia 4500
005 20250508162842.0
008 008 250505s9999 xx 000 0 eng d
020 _a92-3-102099-4
037 _aTextual
040 _aFEDL
_beng
_cFEDL
041 _aeng
_2eng
084 _a371.26, UNE
_qFEDL
100 _aGrabe Sven
_9620126
245 0 _aEvaluation manual
260 _aParis, France
_bUnited Nation Educational Scientfic and Cultural Orgnization
_c1983
300 _a84p.
650 _aEducational - Test and Measurement
_9758070
942 _cTEXL
_h371.26, UNE
999 _c1379046
_d1379046